| 000 | 01032nas a2200301 4500 | ||
|---|---|---|---|
| 001 | BR2018000745 | ||
| 003 | BR-BrBNA | ||
| 005 | 20231205131302.0 | ||
| 007 | ta | ||
| 008 | 230509b bl.|||p| |||| 00| 00por d | ||
| 040 |
_aBR-BrBNA _bpor _cBiblioteca Nacional de Agricultura |
||
| 041 | _a(Pt) | ||
| 072 | _aQ02 | ||
| 100 | 1 | _aBarcellos, C.C.C. | |
| 100 | 1 | _aKajishima, S. | |
| 100 | 1 | _aSouza, M.C.L. | |
| 100 | 1 | _aMesquita, E. de F.M. de | |
| 245 | 1 | _aAvaliação da interferência da irradiação por feixe de elétrons nas características sensoriais de filés de corvina (MIcropogonias furnieri)refrigerados | |
| 650 | _aCORVINA | ||
| 650 | _aPEIXE MARINHO | ||
| 650 | _aANÁLISE ORGANOLÉPTICA | ||
| 650 | _aIRRADIAÇÃO | ||
| 650 | _aCONSERVAÇÃO | ||
| 650 | _aPRESERVAÇÃO DE ALIMENTO | ||
| 773 | 0 |
_tArquivos de Ciências Veterinárias e Zoologia da Unipar (Brazil) _xISSN 1415-8167 _g(Jan-Mar 2016), v. 19(1) p. 41-45 _wBR2018000745 |
|
| 909 |
_a202311 _bLúcia _c55 _dLúcia Elande |
||
| 942 |
_2AGRIS _n0 _cANA |
||
| 999 |
_c253980 _d253980 |
||